00507nam a2200169Ia 4500003000900000008004100009020001900050040001600069080001600085100001900101245010200120250001200222260003800234300001500272650002700287700002300314IN-BaIIA211028s9999 xx 000 0 eng d a978-0074620250 cIIA Library a535.33bBAN aBanwell, C. N. 0aFundamentals of molecular spectroscopycC. N. Banwell and Elaine M Mc Cash  a4th ed. aNew DelhibTata McGraw-Hillc2008 axii, 308p. aMolecular spectroscopy aMc Cash, Elaine M.